Seed - the mother of all life: Indian agricultural interests at the WTOs Ministerial Conference in Seattle, Washington (Record no. 43883)

000 -LEADER
fixed length control field 00423pab a2200145 454500
008 - FIXED-LENGTH DATA ELEMENTS--GENERAL INFORMATION
fixed length control field 180718b1999 xxu||||| |||| 00| 0 eng d
100 ## - MAIN ENTRY--PERSONAL NAME
Personal name Carras, Mary C.
245 ## - TITLE STATEMENT
Title Seed - the mother of all life: Indian agricultural interests at the WTOs Ministerial Conference in Seattle, Washington
260 ## - PUBLICATION, DISTRIBUTION, ETC.
Date of publication, distribution, etc. 1999
300 ## - PHYSICAL DESCRIPTION
Extent p.62-76
362 ## - DATES OF PUBLICATION AND/OR SEQUENTIAL DESIGNATION
Dates of publication and/or sequential designation Oct-Dec
650 ## - SUBJECT ADDED ENTRY--TOPICAL TERM
Topical term or geographic name entry element Agriculture
773 ## - HOST ITEM ENTRY
Main entry heading World Affairs
909 ## -
-- 43883
Holdings
Withdrawn status Lost status Damaged status Not for loan Permanent Location Current Location Date acquired Serial Enumeration / chronology Barcode Date last seen Price effective from Koha item type
        Indian Institute of Public Administration Indian Institute of Public Administration 2018-07-19 Volume no: 3, Issue no: 4 AR44285 2018-07-19 2018-07-19 Articles

Powered by Koha